Responses for show #4831 - Monday, September 19, 2005

David Madden game 20. Victoria Groce ends David's streak.

Kelly Miyahara of the Clue Crew introduces herself during the closing credits.

Contestants

[<< previous game]

Victoria Groce, a musician originally from Decatur, Georgia

Steve Kaltenbaugh, a sailor originally from Columbia, Maryland

David Madden, a student originally from Ridgewood, New Jersey (whose 19-day cash winnings total $430,400)

[next game >>]

Jeopardy! Round responses

2005 FICTION BESTSELLERS
MEET THE FOLKERS
A ROSE IS A ROSE IS A ROSE
HI, FRENCHIE!
(Alex: You have to pick the one that's an actual type of dog in...)
SPOT THE POOCH
THAT'S JUST "SAD"
    $200 12
The Da Vinci Code

Victoria
    $200 28
[Victoria's response is accepted without asking her to be more specific.]

(Woody) Guthrie

Victoria
    $200 16
Tokyo Rose

David
    $200 7
Charles de Gaulle

Steve
    $200 15
the Saluki

Steve
    $200 30
a quesadilla

Steve
    $400 13
(Jimmy) Buffett

Victoria
    $400 27
Peter, Paul and Mary

Victoria
    $400 17
"Ramblin' Rose"

Triple Stumper
    $400 8
Napoleon III

David
    $400 20
the Ridgeback

Victoria
    $400 29
saddlesore

David
    $2,200 14
(Victoria: What is The Spy?)
(Alex: No. What is [*]? Not one of his best-known works, but it drops you all the way down to $600. You're still in second place.)

The Broker

Victoria
    $600 6
(Pete) Seeger

Steve
    $600 18
(Alex: [*], yes. Tarzan.)

(Johnny) Weissmuller

David
    $600 10
Peter the Hermit

Victoria
    $600 21
the Dandie Dinmont

Victoria
    $600 3
(Alex: A reference to the Rose Parade each year in [*].)

Pasadena

Triple Stumper
    $800 25
Michael Crichton

Victoria
    $800 4
The Kingston Trio

Victoria
    $800 19
The Name of the Rose

Victoria
    $800 9
Paul Gauguin

Victoria
    $800 22
Affenpinscher

Steve
    $800 1
a crusade

David
    $1000 26
I Am Charlotte Simmons

Victoria
    $1000 5
Joan Baez

Triple Stumper
    $1000 24
York & Lancaster

Steve
    $1000 11
(Steve: Who is Mignon?)

(Francois Auguste) Chateaubriand

Steve
Triple Stumper
    $1000 23
Bluetick Coonhound

Victoria
    $1000 2
Hafez al-Assad

David

Scores at the first commercial break (after clue 14):

David Steve Victoria
$2,200 -$200 $600

Scores at the end of the Jeopardy! Round:

David Steve Victoria
$3,400 $2,000 $5,800

Double Jeopardy! Round responses

ART TECHNIQUE
MOVIE NUMBERS
"Y"s UP!
TIME's TOP 100
(Alex: The magazine's 100 Most Influential People is what we're dealing with.)
SONNETS
FROM THE PORTUGUESE
    $400 29
[The end-of-round signal sounds.]

pastels

Victoria
    $400 1
(David: What is yeast?)

yogurt

DavidVictoria
    $400 6
Martha Stewart

Steve
    $400 20
Robert Browning

David
    $400 14
Columbus

Victoria
    $800 28
(Victoria: What is perspective?)
(Alex: Be more specific.)
(Victoria: Perspectivism? I'm not sure what you're going for.)
(Alex: No...)
(Steve: What is linear perspective?)

foreshortening

SteveVictoria
Triple Stumper
    $800 27
21

Triple Stumper
    $800 2
yin & yang

Steve
    $800 7
Bill Gates

Steve
    $7,800 19
[David claps slowly and unhappily]
(Alex: Well now. You could take the lead away from Steve.)
(Victoria: Let's bet it all!)
(Alex: Boy! Easy come, easy go! I like your attitude!)
(Victoria: Nothin' to lose!)
...
(Alex: [*] is right and the lead is yours! Well done. $15,600. What a game!)


Milton

Victoria
    $800 13
(Victoria: What is São Paulo?)

Rio de Janeiro

SteveVictoria
    $1200 25
(Victoria: What is blood?)
(David: What is egg yolk?)

wax

DavidVictoria
Triple Stumper
    $1200 26
39

Victoria
    $1200 3
yellow fever

Steve
    $2,500 8
Bono

Steve
    $1200 15
(Steve: Who is Lord Byron?)

Shelley

SteveVictoria
    $1200 12
(Victoria: What is South America?)

Africa

Victoria
Triple Stumper
    $1600 23
(Alex: If you're into painting, you have [*].)

to size your canvas

Triple Stumper
    $1600 24
(Alex: Truffaut, yes.)

400

David
    $1600 4
Yom Kippur

Steve
    $1600 9
Kim Jong-il

Steve
    $1600 16
Petrarch

David
    $1600 11
Guinea-Bissau

Steve
    $2000 21
(Victoria: What is sfumato?)
(David: What is chiaroscuro?)

scumble

DavidVictoria
Triple Stumper
    $2000 22
(Steve: What is 100?)
...
(Alex: A full carton.)

200

Steve
Triple Stumper
    $2000 5
Yemen

Steve
    $2000 10
(Barack) Obama

David
    $2000 18
(Rainer Maria) Rilke

Victoria
    $2000 17
Spain

David

Scores at the end of the Double Jeopardy! Round:

David Steve Victoria
$7,400 $11,300 $13,200

[wagering suggestions for these scores]

Final Jeopardy! Round responses

RANKS & TITLES
(Alex: Victoria, it's all up to you, young lady. Did you get [*]? You did. Did you risk more than $100? Hello! New Jeopardy! champion! A giant killer! Victoria Groce, with $22,801. And David Madden's 19-day reign comes to an end. But he's going home happy. He's got a lot of money. And she's happy also. Victoria will be back to face two challengers tomorrow. See you then. So long, everybody. Wow! What a game!)
[During the closing credits, Kelly Miyahara introduces herself as a new member of the Clue Crew.]
(Kelly: Hi, my name is Kelly Miyahara, and I'm proud to be one of the newest members of the Jeopardy! Clue Crew. I have a degree in business administration & marketing from the University of Washington, and while living abroad, taught English at a primary school at the Académie de Créteil outside Paris. I'm a huge sports fan and can throw a mean softball. I'm really looking forward to recording new video clues and travelling the globe with Jeopardy! I'll see you around.)
DavidWho is Julius Caesar?
$5,900
SteveWho is John the Baptist?
$3,501
VictoriaWho was Julius Caesar
$9,601
Julius Caesar

Final scores:

David Steve Victoria
$13,300 $7,799 $22,801
2nd place: $2,000 3rd place: $1,000 New champion: $22,801

Game dynamics:

Coryat scores:

David Steve Victoria
$7,400 $10,000 $8,400
11 R,
3 W
16 R
(including 1 DD),
4 W
20 R
(including 1 DD),
6 W
(including 1 DD)

Combined Coryat: $25,800

The J! Archive is created by fans, for fans. The Jeopardy! game show and all elements thereof, including but not limited to copyright and trademark thereto, are the property of Jeopardy Productions, Inc. and are protected under law. This website is not affiliated with, sponsored by, or operated by Jeopardy Productions, Inc. Join the discussion at JBoard.tv.